[Event "Bergamo op 7th"]
[Site "Bergamo"]
[Date "2008.09.12"]
[Round "2"]
[White "Drazic, Sinisa"]
[Black "Ferretti, Folco"]
[Result "1/2-1/2"]
[WhiteElo "2505"]
[BlackElo "2284"]
[PlyCount "161"]
[EventDate "2008.09.12"]
[EventType "swiss"]
[EventRounds "6"]
[EventCountry "ITA"]
[SourceTitle "CBM 126 Extra"]
[Source "ChessBase"]
[SourceDate "2008.11.05"]
[SourceVersion "1"]
[SourceVersionDate "2008.11.05"]
[SourceQuality "1"]

1. d4 d5 2. c4 dxc4 3. e3 Nf6 4. Bxc4 e6 5. Nf3 c5 6. 0-0 a6 7. Qe2 b5 8. Bb3 Bb7 9. a4 b4 10. a5 Be7 11. Nbd2 cxd4 12. Nxd4 0-0 13. N2f3 Nc6 14. Nxc6 Bxc6 15. Nd4 Bd5 16. Rd1 Bxb3 17. Nxb3 Qc7 18. e4 Rfc8 19. Bg5 Qc2 20. Qxc2 Rxc2 21. Nd4 Rc5 22. Nf3 h6 23. Be3 Rc4 24. Nd2 Rc2 25. b3 Rd8 26. h3 Rd3 27. Rab1 Kf8 28. Kf1 Ke8 29. Rbc1 Rdc3 30. Rxc2 Rxc2 31. Ra1 Nd7 32. Ke2 Bf6 33. Rd1 Ra2 34. f4 Bc3 35. Kf3 Bxd2 36. Rxd2 Rxa5 37. Rd4 Rb5 38. Rc4 Kd8 39. Ke2 a5 40. Rc6 g5 41. g3 Ke7 42. Rc8 Kf6 43. Rc7 Ke7 44. e5 gxf4 45. gxf4 Rd5 46. Ra7 f6 47. exf6+ Kxf6 48. f5 Kxf5 49. Bxh6 Ke4 50. Be3 Rd3 51. Bf2 Ne5 52. h4 Rxb3 53. Rxa5 Rb2+ 54. Kf1 Nd3 55. Bg1 Rb1+ 56. Kg2 Nf4+ 57. Kh2 b3 58. Rb5 Kf3 59. Bd4 Kg4 60. Rb4 Nd5 61. Rb8 Rd1 62. Bg7 Rd3 63. Kg1 Kxh4 64. Kf2 Kg4 65. Rf8 Nf4 66. Ke1 Kf3 67. Bh8 Ke4 68. Rb8 e5 69. Rb4+ Kf5 70. Rb5 Ng6 71. Bg7 Kf4 72. Rb6 Nh4 73. Ke2 e4 74. Rb5 Nf5 75. Be5+ Kg4 76. Rb4 Re3+ 77. Kf2 Rf3+ 78. Ke2 Ng3+ 79. Bxg3 Kxg3 80. Rxe4 b2 81. Rb4 1/2-1/2

[Event "Senigallia op 3rd"]
[Site "Senigallia"]
[Date "2008.08.09"]
[Round "8"]
[White "Ferretti, Folco"]
[Black "Caruso, Augusto"]
[Result "0-1"]
[WhiteElo "2284"]
[BlackElo "2227"]
[PlyCount "114"]
[EventDate "2008.08.02"]
[EventType "swiss"]
[EventRounds "9"]
[EventCountry "ITA"]
[SourceTitle "EXT 2011"]
[Source "ChessBase"]
[SourceDate "2010.11.26"]
[SourceVersion "1"]
[SourceVersionDate "2010.11.26"]
[SourceQuality "1"]

1. Nf3 e6 2. c4 d5 3. g3 c5 4. Bg2 Nc6 5. 0-0 Nf6 6. b3 Be7 7. Bb2 d4 8. e3 e5 9. exd4 exd4 10. Re1 0-0 11. Ne5 Nxe5 12. Rxe5 Ng4 13. Re1 Bf6 14. d3 Ne5 15. Be4 Re8 16. Nd2 Rb8 17. Qc2 Bg4 18. f4 Ng6 19. Bg2 h5 20. Rxe8+ Qxe8 21. Ne4 Be7 22. Qf2 Qd7 23. Re1 b6 24. Nd2 Bf6 25. Be4 Ne7 26. Nf3 Re8 27. Bc1 Nf5 28. Bd2 g6 29. Bd5 Rxe1+ 30. Qxe1 Ne3 31. Ne5 Bxe5 32. Bxe3 dxe3 33. fxe5 e2 34. h3 Bxh3 35. Qxe2 Qf5 36. Kh2 Bf1 37. Qe3 Qxd3 38. Qf4 Qf5 39. Qxf5 gxf5 40. e6 Kf8 41. exf7 Bd3 42. Kh3 Bb1 43. a3 Ba2 44. Bc6 Bxb3 45. Bb5 Kxf7 46. Kh4 Kg6 47. Be8+ Kf6 48. Bb5 Bd1 49. Be8 Be2 50. Bb5 Bg4 51. Be8 Be2 52. Bb5 Ke5 53. Kg5 Bg4 54. Bd7 Kd4 55. Be6 f4 56. Bxg4 hxg4 57. Kxf4 Kxc4 0-1

[Event "Senigallia op 3rd"]
[Site "Senigallia"]
[Date "2008.08.06"]
[Round "5"]
[White "Lazic, Miroljub"]
[Black "Ferretti, Folco"]
[Result "0-1"]
[WhiteElo "2528"]
[BlackElo "2284"]
[PlyCount "79"]
[EventDate "2008.08.02"]
[EventType "swiss"]
[EventRounds "9"]
[EventCountry "ITA"]
[SourceTitle "EXT 2011"]
[Source "ChessBase"]
[SourceDate "2010.11.26"]
[SourceVersion "1"]
[SourceVersionDate "2010.11.26"]
[SourceQuality "1"]

1. Nf3 Nf6 2. b3 c5 3. e3 e6 4. Bb2 b6 5. c4 Be7 6. Be2 0-0 7. 0-0 d5 8. d3 Bb7 9. Nbd2 Na6 10. a3 Qc7 11. Rc1 Rac8 12. Rc2 dxc4 13. bxc4 Rfd8 14. Qa1 Ne8 15. Ne4 Nb8 16. Nfd2 Bc6 17. f4 f5 18. Nf2 Bf6 19. Nf3 Bxb2 20. Qxb2 Qe7 21. Ne5 Bb7 22. Bf3 Nc6 23. Bxc6 Bxc6 24. Nxc6 Rxc6 25. a4 Rcd6 26. a5 Qc7 27. axb6 axb6 28. Ra1 Nf6 29. h3 Nd7 30. Ra3 Rc6 31. Qa1 e5 32. Ra7 Qd6 33. Re2 Re8 34. fxe5 Nxe5 35. Qc3 Rc7 36. Rxc7 Qxc7 37. d4 Ng6 38. d5 Qg3 39. Nh1 Qd6 40. Nf2 0-1